Портрет Н. В. Гоголя (Запись № 13747494)

Подробности
000 -МАРКЕР
контрольное поле 03000nkm0a2200481 4500
001 - ИДЕНТИФИКАТОР ЗАПИСИ
контрольное поле RU\NLR\BIBL_A\022399078
005 - ИДЕНТИФИКАТОР ВЕРСИИ
контрольное поле 20260705043714.0
035 ## - ДРУГИЕ СИСТЕМНЫЕ НОМЕРА
Идентификатор записи (NLR Aleph) 022399078
100 ## - ДАННЫЕ ОБЩЕЙ ОБРАБОТКИ
Данные общей обработки 20241202d1882 y0rusy50 ca
101 0# - ЯЗЫК РЕСУРСА
Язык текста, звукозаписи и т.д. русский
Язык промежуточного перевода французский
102 ## - СТРАНА ПУБЛИКАЦИИ ИЛИ ПРОИЗВОДСТВА
Страна публикации Российская Федерация
116 ## - ПОЛЕ КОДИРОВАННЫХ ДАННЫХ: ИЗОБРАЗИТЕЛЬНЫЕ МАТЕРИАЛЫ
Кодированные данные для изобразительных материалов. iiyaxx bo zz
135 ## - ПОЛЕ КОДИРОВАННЫХ ДАННЫХ: ЭЛЕКТРОННЫЕ РЕСУРСЫ
Кодированные данные для электронного ресурса crcn 024anaba
181 #0 - ПОЛЕ КОДИРОВАННЫХ ДАННЫХ: ВИД СОДЕРЖАНИЯ
Код вида содержания (ISBD) b4
Код характеристики содержания (ISBD) xb2e
182 #0 - ПОЛЕ КОДИРОВАННЫХ ДАННЫХ: ТИП СРЕДСТВА
Код типа средства (ISBD) n - непосредственное
200 1# - ЗАГЛАВИЕ И СВЕДЕНИЯ ОБ ОТВЕТСТВЕННОСТИ
Основное заглавие Портрет Н. В. Гоголя
Сведения, относящиеся к заглавию рисованный карандашом с натуры известным художником А. А. Ивановым, в Риме. С гелиографического снимка, доставленного Н. П. Собко, гравировал на дереве Паннемакер в Париже
-- [эстамп]
203 ## - ВИД СОДЕРЖАНИЯ И ТИП СРЕДСТВА
Вид содержания Изображение
Дополнительные сведения об издании неподвижное
-- двухмерное
-- визуальное
Тип средства непосредственное
210 ## - ПУБЛИКАЦИЯ, РАСПРОСТРАНЕНИЕ И ДР.
Место издания, распространения и т.д. [Санкт-Петербург]
Дата издания, распространения и т.д. ценз. 1882
215 ## - ФИЗИЧЕСКАЯ ХАРАКТЕРИСТИКА
Специфическое обозначение материала и объем 1 л.
Другие сведения о физической характеристике грав. на дер.
Размеры 10,2х7,8 ; 19,2х12,5
300 ## - ОБЩИЕ ПРИМЕЧАНИЯ
Текст примечания Справа внизу факс. подписи гравера: "Pannemaker"
300 ## - ОБЩИЕ ПРИМЕЧАНИЯ
Текст примечания Цензурное разрешение: Дозволено цензурою. С.-Петербург, 28 июня 1882 г.
316 ## - ПРИМЕЧАНИЯ ОБ ОСОБЕННОСТЯХ ЭКЗЕМПЛЯРА
Текст примечания Экз. РНБ на шифре: Э АдГП/1-Г585, инв.13044: из собрания В. Я. Адарюкова
Организация и экземпляр, к которому относится поле NLR: Э АдГП/1-Г585
325 ## - ПРИМЕЧАНИЕ О КОПИИ
Текст примечания Копия доступна в Электрон. б-ке РНБ
327 1# - ПРИМЕЧАНИЯ О СОДЕРЖАНИИ
Текст примечания Портрет погрудный, 3/4 влево
600 #1 - ИМЯ ЛИЦА КАК ПРЕДМЕТ
Начальный элемент ввода Гоголь
Часть имени, кроме начального элемента ввода Н.В.
Даты 1809 - 1852
Расширение инициалов личного имени Николай Васильевич
Формальный подзаголовок Гравюры
Системный номер авторитетной/нормативной записи 1459110
Идентификатор авторитетной/нормативной записи RU\NLR\AUTH\66309282
606 1# - НАИМЕНОВАНИЕ ТЕМЫ КАК ПРЕДМЕТ
Наименование темы Гравюра на дереве французская
Системный номер авторитетной/нормативной записи 960250
Идентификатор авторитетной/нормативной записи RU\NLR\AUTH\66358496
700 #1 - ИМЯ ЛИЦА - ПЕРВИЧНАЯ ОТВЕТСТВЕННОСТЬ
Код отношения Гравер по дереву
Начальный элемент ввода Паннемакер
Часть имени, кроме начального элемента ввода А. Ф.
Даты 1822-1900
Расширение инициалов личного имени Адольф Франсуа
Системный номер авторитетной/нормативной записи 178329
Идентификатор авторитетной/нормативной записи RU\NLR\AUTH\770178380
702 #1 - ИМЯ ЛИЦА - ВТОРИЧНАЯ ОТВЕТСТВЕННОСТЬ
Код отношения Карикатурист, Художник
Графика поля Кириллица
Материалы, к которым относится поле rus
Начальный элемент ввода Иванов
Часть имени, кроме начального элемента ввода А. А.
Дополнения к именам, кроме дат художник
Даты 1806-1858
Расширение инициалов личного имени Александр Андреевич
Системный номер авторитетной/нормативной записи 53899
Идентификатор авторитетной/нормативной записи RU\NLR\AUTH\7770971
702 #1 - ИМЯ ЛИЦА - ВТОРИЧНАЯ ОТВЕТСТВЕННОСТЬ
Код отношения Прочие
Графика поля Кириллица
Материалы, к которым относится поле rus
Начальный элемент ввода Гоголь
Часть имени, кроме начального элемента ввода Н. В.
Даты 1809-1852
Расширение инициалов личного имени Николай Васильевич
Системный номер авторитетной/нормативной записи 113476
Идентификатор авторитетной/нормативной записи RU\NLR\AUTH\773480
702 #1 - ИМЯ ЛИЦА - ВТОРИЧНАЯ ОТВЕТСТВЕННОСТЬ
Код отношения Бывший владелец
Графика поля Кириллица
Материалы, к которым относится поле rus
Начальный элемент ввода Адарюков
Часть имени, кроме начального элемента ввода В. Я.
Дополнения к именам, кроме дат искусствовед
Даты 1863-1932
Расширение инициалов личного имени Владимир Яковлевич
Системный номер авторитетной/нормативной записи 82478
Идентификатор авторитетной/нормативной записи RU\NLR\AUTH\7799552
790 #1 - ИМЯ ЛИЦА - АЛЬТЕРНАТИВНАЯ ФОРМА
Начальный элемент ввода Pannemaker
Часть имени, кроме начального элемента ввода Adolphe François
Даты 1822-1900
Расширение инициалов личного имени Stephane
Код отношения Гравер по дереву
852 00 - МЕСТОНАХОЖДЕНИЕ И ШИФР ХРАНЕНИЯ
Идентификатор организации NLR
Наименование фонда или коллекции (Sub-Location Identifier) Э
Шифр хранения (Call Number) АдГП/1-Г585
Идентификатор единицы инв.13044
856 #0 - МЕСТОНАХОЖДЕНИЕ ЭЛЕКТРОННЫХ РЕСУРОВ И ДОСТУП К НИМ
Универсальный идентификатор ресурса (Uniform Resource Identifier) https://vivaldi.nlr.ru/lh700000395/view
856 #1 - МЕСТОНАХОЖДЕНИЕ ЭЛЕКТРОННЫХ РЕСУРОВ И ДОСТУП К НИМ
Универсальный идентификатор ресурса (Uniform Resource Identifier) https://vivaldi.nlr.ru/lh700000395/cover
856 #2 - МЕСТОНАХОЖДЕНИЕ ЭЛЕКТРОННЫХ РЕСУРОВ И ДОСТУП К НИМ
Универсальный идентификатор ресурса (Uniform Resource Identifier) https://vivaldi.nlr.ru/lh700000395/text
942 ## - ДОПОЛНИТЕЛЬНЫЕ ЭЛЕМЕНТЫ ЗАПИСИ (АБИС)
Тип экземпляра АБИС Визуальный материал
980 ## - КОЛЛЕКЦИЯ
Название коллекции Национальная библиография
981 17 - КОЛЛЕКЦИЯ ЭЛЕКТРОННОЙ БИБЛИОТЕКИ
Название коллекции Изографические материалы
Название подколлекции Портреты

Нет доступных экземпляров.